00386nam a2200157Ia 45000010006000000050017000060080041000230410008000640820018000721000035000902450050001252600009001753000028001846500008002126540008002201833920260306171623.0260306s9999||||xx |||||||||||||| ||und|| aESP a658.403bV935 aVélez Ibarrola, RicardoeAUT 0aIntroducción a la teoría de la decisión c2012 a241 páginas :c24 cm. aGEN aCAN